'When he sees me' lyrics from Waitress - Statistics

General Stats
  • This quiz has been taken 42 times
  • The average score is 382 of 413
Answer Stats
Lyrics % Correct
a
100%
an
100%
and
100%
facts
100%
figures
100%
I
100%
real
100%
stick
100%
then?
100%
things
100%
with
100%
With
100%
about
97%
ask
97%
be
97%
before
97%
but
97%
by
97%
call
97%
can
97%
can't
97%
cookie
97%
could
97%
cream
97%
date?
97%
do
97%
doesn't
97%
don't
97%
Don't
97%
eat
97%
first
97%
he
97%
He
97%
his
97%
How
97%
(how
97%
how
97%
if
97%
If
97%
I'm
97%
in
97%
it?
97%
it
97%
I've
97%
know
97%
knows
97%
like
97%
Like
97%
me
97%
me,
97%
might
97%
name
97%
on
97%
only
97%
or
97%
oreos
97%
sees
97%
So
97%
so
97%
that
97%
that?)
97%
that?
97%
the
97%
to
97%
to.
97%
too
97%
Usually
97%
waiter
97%
want
97%
way
97%
what?
97%
(What?)
97%
what
97%
What
97%
When
97%
when
97%
who
97%
am
93%
away
93%
being
93%
close
93%
couldn't
93%
decided
93%
fate?
93%
feel
93%
for
93%
from
93%
get
93%
Guess
93%
guessing
93%
happens
93%
he's
93%
hide
93%
him
93%
is
93%
just
93%
mind
93%
most
93%
not
93%
of
93%
other
93%
scares
93%
talk
93%
tossed
93%
unexpected
93%
where
93%
you
93%
your
93%
around
90%
back?
90%
best
90%
cautious
90%
defensive!
90%
door
90%
game
90%
games
90%
girls
90%
give
90%
given
90%
its
90%
life
90%
live
90%
my
90%
myself
90%
Oh,
90%
open
90%
questions
90%
runs
90%
shaped
90%
shell-
90%
simply
90%
sit
90%
stranger
90%
supposed
90%
they
90%
up
90%
careful
87%
criminal
87%
disappointed?
87%
even
87%
fast
87%
feelings
87%
fine
87%
God,
87%
have
87%
inside
87%
institution
87%
miserable
87%
opens
87%
operate
87%
out
87%
risk
87%
seen
87%
sharing
87%
some
87%
somewhere
87%
sort
87%
think
87%
view
87%
wife
87%
you're
87%
come
83%
comes
83%
Dawn,
83%
end
83%
escaped
83%
eyes
83%
find
83%
help
83%
hiding
83%
laugh
83%
make
83%
movies
83%
psychopath
83%
television
83%
this
83%
worse
83%
again.
80%
cannot
80%
heart
80%
kind
80%
likes
80%
lovely
80%
made
80%
masterminded
80%
minimize
80%
miscalculating
80%
nice
80%
place
80%
scared
80%
someone
80%
Someone
80%
information's
77%
little,
77%
Sorry
77%
stands
77%
untrustworthy
77%
very
77%
wants
77%
breaking
73%
certain
73%
colourblind
73%
dating
73%
due
73%
less
73%
line
73%
motion
73%
prepared
73%
set
73%
than
73%
holds
70%
hoping
70%
mean
70%
tad...
70%
reckless
63%
still
63%
suitor
63%
why
57%
maybe
50%
No matching quizzes found
Score Distribution
Percent of People with Each Score
Percentile by Number Answered
Your Score History
You have not taken this quiz